30 Biggest cities in the Dallas-Fortworth area - Statistics

General Stats
  • This quiz has been taken 59 times
  • The average score is 16 of 30
Answer Stats
Hint Answer % Correct
1,278,430 Dallas
100%
815,930 Fortworth
100%
383,900 Arlington
91%
288,250 plano
86%
128,420 Denton
82%
145,650 Frisco
77%
234,810 Garland
77%
232,010 Irving
75%
185,630 Grand Prairie
73%
156,820 McKinney
73%
143,770 Mesquite
70%
129,270 Carrollton
61%
94,710 Allen
59%
108,350 Richardson
57%
50,540 Grapevine
50%
102,330 Lewisville
50%
69,970 Flower Mound
41%
51,850 DeSoto
36%
63,140 Mansfield
32%
53,68 Euless
30%
41,670 Rockwall
30%
59,200 Rowlett
30%
67,990 North Richland Hills
27%
48,860 Bedford
25%
43,860 Haltom City
25%
41,960 Burleson
23%
45,660 Wylie
23%
40,760 The Colony
23%
44,250 Keller
20%
47,460 Cedar Hill
18%
No matching quizzes found
Score Distribution
Percent of People with Each Score
Percentile by Number Answered
Your Score History
You have not taken this quiz